000 01630nam a22002537a 4500
003 NALT
005 20251125232939.0
008 s2547 th tha d
040 _aNALT
041 _atha
090 _aKS65
_bว872ต 2547
110 0 _aสำนักงานเลขาธิการวุฒิสภา. สำนักกฎหมาย
245 1 0 _aตารางเปรียบเทียบการพิจารณาร่างพระราชบัญญัติวิสาหกิจชุมชน พ.ศ..... (ในขั้นการพิจารณาของวุฒิสภา)
260 3 _aกรุงเทพฯ :
_bสำนักกฎหมาย สำนักงานเลขาธิการวุฒิสภา,
_c2547
300 _a14 หน้า :
_bตาราง ;
_c29 ซม.
610 _aสำนักงานเลขาธิการวุฒิสภา. สำนักกฎหมาย
650 0 4 _aร่างพระราชบัญญัติวิสาหกิจชุมชน
650 0 4 _aวิสาหกิจชุมชน -- กฎหมายและระเบียบข้อบังคับ
650 0 4 _aวิสาหกิจชุมชน -- กฎหมายและระเบียบข้อบังคับร่างพระราชบัญญัติวิสาหกิจชุมชน
850 _aNALT
856 4 0 _uhttps://hdl.handle.net/20.500.14156/461327
942 _cLB
_2lcc
999 _c40994
_d40994
998 _j109
_k อารีรัตน์ วิชาช่าง